000 00715nam a22002177a 4500
005 20131119120147.0
008 131118b1993 ck ||||| |||| 00| 0 spa d
020 _a9589037291
041 _aspa
044 _ack
082 _a600
_bC68t
110 _aColciencias
_92650
245 _aTecnologías de la vida para el desarrollo :
_bbase para un plan de programa nacional de biotecnología
260 _aBogotá
_bColciencias
_bTercer Mundo, Editores
_c1993
300 _a150 p.
_c23 cm.
650 1 7 _aBiotecnología
_vInvestigación
_92651
650 1 7 _aDesarrollo científico y tecnológico
_zColombia
_92711
650 1 7 _aInnovación tecnológica
_92712
650 1 7 _aCompetitividad
_92713
942 _2ddc
_cImpreso
999 _c7835
_d7835